Polskie sklepy - nagła śmierć - Statystyki

Ogólne statystyki
  • Ten quiz został rozwiązany 290 razy
  • Średni wynik to 3 z 15
Answers on the Grid
Answers color-coded by a green-red scale on the quiz's grid according to % correct below.
Biedronka
Lidl
Auchan
Aeon
Billa
Groszek
ABC
Rabat
Walmart
Livio
Real
Społem
Netto
Chata Polska
Sieć 34
Odido
Arhelan
Dino
Lewiatan
Intermarche
Mila
Topaz
Asda
Leader Price
Ica
Hit
Delica
Albert
Pyaterochka
1 minute
 
Statystyki odpowiedzi
Odpowiedź % Poprawnych
Biedronka
56%
Groszek
47%
Dino
39%
Społem
38%
ABC
37%
Chata Polska
33%
Lewiatan
29%
Rabat
16%
Sieć 34
14%
Livio
11%
Mila
10%
Topaz
9%
Arhelan
5%
Delica
3%
1 minute
2%
Nie znaleziono quizów pasujących do podanych kryteriów
Rozkład punktacji
Procent ludzi z każdym wynikiem
Percentyl według liczby udzielonych odpowiedzi
Twoja historia wyników
Nie rozwiązałeś tego quizu